| 000 | 00558nam a2200205 a 4500 | ||
|---|---|---|---|
| 005 | 20140310183445.0 | ||
| 008 | 080925s19uu xx 00 eng d | ||
| 020 | _a9781418014216 | ||
| 050 |
_aTR 897.7 _b.G33 2007 |
||
| 100 | _aGallagher, Rebecca | ||
| 245 | _aExploring motion graphics. | ||
| 260 |
_aAustralia : _bThomson Delmar Learning, _c2007. |
||
| 300 |
_a276 p. : _bcol. ill. ; _c26 cm. |
||
| 521 | _aMA | ||
| 650 | _aMedia Arts. | ||
| 650 | _aComputer animation. | ||
| 700 | _aPaldy, Andrea Moore | ||
| 942 |
_cBK _2lcc _kFOR |
||
| 999 |
_c23213 _d23213 |
||